000 00525nam a2200181Ia 4500
999 _c14906
_d14906
003 OSt
005 20201016121906.0
008 190216s9999||||xx |||||||||||||| ||und||
020 _a97893833399086
040 _coclc
082 _a894.812372
_bPAR/T
100 _aParakadavu, P K
_95449
245 0 _aThrough The Mini Looking Glass /
_cP K Parakadavu
260 _bLead Books ,
_c2013.
_aKozhikode:
300 _a119p
650 _aEnglish
942 _cBK
_2ddc
_h894.812372
_iPAR/T
_k894.812372
_mPAR/T